000 00810nam a22002057a 4500
005 20210503144419.0
007 cr
008 200507cr ||||| |||| 00| 0 eng d
100 1 _912365
_aPizarro Gariazzo, Rodrigo
245 _aSistemas de instrumentos de fijación de precios del carbono en América Latina y jurisdicciones de las Américas relevantes /
_cRodrigo Pizarro Gariazzo
260 _aSantiago:
_bCEPAL,
_c2021
300 _a87 p.
_bDigital
440 _98612
_aDocumento de Proyecto
_pEstudios del Cambio Climático en América Latina
650 2 7 _2agrovoc
_912366
_aCARBONO
650 2 7 _2agrovoc
_97675
_aMEDICION
650 2 7 _2agrovoc
_96651
_aCOMERCIALIZACION
856 _uhttp://repositorio.cepal.org/handle/11362/46765
942 _2ddc
_cLIBRO DIGI
980 _619226
_a Palazón
_819226
_g Palazón
999 _c6628
_d6628